| 000 | 01244nam a22002657i 4500 | ||
|---|---|---|---|
| 003 | EG-ScBUE | ||
| 005 | 20260510135216.0 | ||
| 008 | 080811t2004 ua a frb 0 00| 0ceng d | ||
| 017 | _a2004 / 9815 | ||
| 020 | _a9771714600 | ||
| 040 |
_aEG-ScBUE _bara _erda _cEG-ScBUE _dEG-ScBUE |
||
| 082 | 0 | 4 |
_a530.92 _bع م ا _222 |
| 100 | 1 |
_aعمار، محمد محمود، _eمؤلف. |
|
| 245 | 1 | 0 |
_aرواد علم الفيزياء بناة الحضارة : _bمن عصر النهضة إلى العصر الحديث ونبذة عن علماء الإسكندرية / _cالدكتور محمد محمود عمار، أستاذ الفيزياء، رئيس المعهد القومي للمعايرة السابق، وزارة الدولة للبحث العلمي. |
| 264 | 1 |
_a[القاهرة] : _bمكتبة النهضة المصرية، _c[2004] |
|
| 264 | 4 | _cتاريخ حق النشر 2004 | |
| 300 |
_a217 صفحة : _bإيضاحيات ؛ _c25 سم |
||
| 336 |
_2rdacontent _atext _btxt |
||
| 337 |
_aunmediated _2rdamedia _bn |
||
| 338 |
_avolume _bnc _2rdacarrier |
||
| 504 | _aيشتمل على إرجاعات ببليوجرافية. | ||
| 650 | 7 |
_917443 _aالفيزيائيون _vتراجم. _2BUEsh |
|
| 655 | _vReading book | ||
| 942 |
_2ddc _cBB |
||
| 999 |
_c10097 _d10097 |
||